[Event "Rottach Egern Seniors Cup 11th"]
[White "Schober, Ralf"]
[Black "Bohnstorff, Michael"]
[Site "Rottach Egern"]
[Round "4"]
[Result "1/2-1/2"]
[Date "2023.04.18"]
[WhiteElo "2082"]
[BlackElo "1999"]
[PlyCount "48"]
[EventDate "2023.04.15"]
[EventType "swiss"]
[EventRounds "9"]
[EventCountry "GER"]
[SourceTitle "EXT 2024"]
[Source "ChessBase"]
[SourceDate "2023.10.10"]
[SourceVersion "1"]
[SourceVersionDate "2023.10.10"]
[SourceQuality "1"]

1. Nc3 d5 2. e4 e6 3. Nf3 dxe4 4. Nxe4 Be7 5. d4 Nf6 6. Bd3 Nxe4 7. Bxe4 Nd7 8. Qe2 c6 9. 0-0 Nf6 10. c3 Nxe4 11. Qxe4 Qd5 12. Qc2 0-0 13. Re1 Bf6 14. Bf4 Qh5 15. Rad1 b6 16. Qe2 Bb7 17. Ne5 Qxe2 18. Rxe2 Rfd8 19. Red2 Kf8 20. Kf1 Bxe5 21. dxe5 Rd5 22. Ke1 Rad8 23. c4 Rxd2 24. Rxd2 Rxd2 1/2-1/2

[Event "EU-chT Seniors 50"]
[White "Jahn, Constanze"]
[Black "Schober, Ralf"]
[Site "Dresden"]
[Round "5.1"]
[Result "1/2-1/2"]
[Date "2022.10.31"]
[WhiteElo "2037"]
[BlackElo "2056"]
[PlyCount "31"]
[EventDate "2022.10.27"]
[EventType "team-swiss"]
[EventRounds "9"]
[EventCountry "GER"]
[SourceTitle "EXT 2024"]
[Source "ChessBase"]
[SourceDate "2023.10.10"]
[SourceVersion "1"]
[SourceVersionDate "2023.10.10"]
[SourceQuality "1"]
[WhiteTeam "Germany (Women) 50"]
[BlackTeam "Markkleeberg 50"]
[WhiteTeamCountry "GER"]
[BlackTeamCountry "GER"]

1. e4 e6 2. d3 c5 3. g3 Nc6 4. Bg2 g6 5. Ne2 Bg7 6. 0-0 Nge7 7. c3 d5 8. Nd2 0-0 9. f4 b6 10. e5 Nf5 11. Nf3 Bb7 12. d4 cxd4 13. Nexd4 Nfxd4 14. Nxd4 Nxd4 15. Qxd4 Qc7 16. Bd2 1/2-1/2

[Event "Rottach Egern Seniors Cup 10th"]
[White "Schober, Ralf"]
[Black "Auterhoff, Juergen"]
[Site "Rottach Egern"]
[Round "1"]
[Result "1-0"]
[Date "2022.03.26"]
[WhiteElo "2067"]
[BlackElo "1766"]
[PlyCount "97"]
[EventDate "2022.03.26"]
[EventType "swiss"]
[EventRounds "9"]
[EventCountry "GER"]
[SourceTitle "CBM 207 Extra"]
[Source "ChessBase"]
[SourceDate "2022.05.31"]
[SourceVersion "1"]
[SourceVersionDate "2022.05.31"]
[SourceQuality "1"]

1. d4 Nf6 2. Nf3 d5 3. e3 e6 4. Bd3 b6 5. 0-0 Be7 6. Nbd2 0-0 7. e4 dxe4 8. Nxe4 Bb7 9. Qe2 Nbd7 10. c3 c5 11. dxc5 Nxe4 12. Bxe4 Bxe4 13. Qxe4 Nf6 14. Qa4 Bxc5 15. Bg5 Qd7 16. Qxd7 Nxd7 17. Rad1 Nf6 18. Bxf6 gxf6 19. Rd7 Rfd8 20. Rfd1 Rxd7 21. Rxd7 a5 22. Kf1 Kf8 23. Ke2 Ke8 24. Rb7 Rd8 25. Nd2 Rd7 26. Rb8+ Rd8 27. Rxd8+ Kxd8 28. Ne4 Be7 29. a4 f5 30. Nd2 Kc7 31. Kd3 Kc6 32. Kc4 e5 33. Nf3 f6 34. Nh4 f4 35. Nf5 Bc5 36. f3 Bf8 37. b4 axb4 38. cxb4 h5 39. b5+ Kd7 40. Kd5 Bc5 41. a5 Bg1 42. a6 Kc7 43. Nd6 Kb8 44. Ne8 Bxh2 45. Nxf6 h4 46. Kxe5 Ka7 47. Nd5 Kb8 48. Nxf4 Bg3 49. Kf5 1-0

[Event "Magdeburg Roechling Jubilee 2nd"]
[White "Schober, Ralf"]
[Black "Pruefer, Friedbert"]
[Site "Magdeburg"]
[Round "5"]
[Result "1/2-1/2"]
[Date "2018.02.28"]
[WhiteElo "2039"]
[BlackElo "2147"]
[PlyCount "22"]
[EventDate "2018.02.24"]
[EventType "swiss"]
[EventRounds "9"]
[EventCountry "GER"]
[SourceTitle "EXT 2019"]
[Source "ChessBase"]
[SourceDate "2018.10.10"]
[SourceVersion "1"]
[SourceVersionDate "2018.10.10"]
[SourceQuality "1"]

1. d4 Nf6 2. Bg5 g6 3. Bxf6 exf6 4. c4 Bg7 5. e3 0-0 6. Nc3 d6 7. Nge2 f5 8. g3 Nd7 9. Bg2 Nf6 10. 0-0 Re8 11. Qd3 c6 1/2-1/2

[Event "WchT Seniors 50"]
[White "Schober, Ralf"]
[Black "Semenov, Valeri"]
[Site "Radebeul"]
[Round "8.9"]
[Result "1/2-1/2"]
[Date "2016.07.03"]
[WhiteElo "2029"]
[BlackElo "2279"]
[PlyCount "65"]
[EventDate "2016.06.26"]
[EventType "team-swiss"]
[EventRounds "9"]
[EventCountry "GER"]
[SourceTitle "CBM 173 Extra"]
[Source "ChessBase"]
[SourceDate "2016.08.29"]
[SourceVersion "1"]
[SourceVersionDate "2016.08.29"]
[SourceQuality "1"]
[WhiteTeam "Leipzig 50+"]
[BlackTeam "Obuchiw"]
[WhiteTeamCountry "GER"]
[BlackTeamCountry "UKR"]

1. Nf3 c5 2. c4 g6 3. g3 Bg7 4. Bg2 Nc6 5. Nc3 e5 6. d3 Nge7 7. Rb1 d6 8. Bd2 0-0 9. Qc1 Nf5 10. Bg5 f6 11. Bd2 Re8 12. 0-0 Rb8 13. Re1 Be6 14. a3 a5 15. Nb5 Bf8 16. Nc3 Nfe7 17. e4 Nd4 18. b3 Nec6 19. Qd1 Bg4 20. Be3 Bg7 21. Nb5 Rf8 22. Bxd4 exd4 23. h3 Be6 24. Qd2 Qd7 25. Kh2 b6 26. a4 Nb4 27. Na3 Rbe8 28. Nc2 Nc6 29. Re2 Re7 30. Rbe1 Rfe8 31. Ng1 Nd8 32. f4 Nf7 33. Rf2 1/2-1/2

[Event "NRW Class2 1516"]
[White "Schober, Ralf"]
[Black "Ribbeheger, Edgar"]
[Site "Germany"]
[Round "7.8"]
[Result "0-1"]
[Date "2016.03.06"]
[WhiteElo "1964"]
[BlackElo "2020"]
[PlyCount "90"]
[EventDate "2015.09.27"]
[EventType "team-tourn"]
[EventRounds "9"]
[EventCountry "GER"]
[SourceTitle "EXT 2017"]
[Source "ChessBase"]
[SourceDate "2016.10.25"]
[SourceVersion "1"]
[SourceVersionDate "2016.10.25"]
[SourceQuality "1"]
[WhiteTeam "Sundern"]
[BlackTeam "Sodingen"]
[WhiteTeamCountry "GER"]
[BlackTeamCountry "GER"]

1. Nf3 d5 2. d4 e6 3. e3 Be7 4. Bd3 Nf6 5. Nbd2 0-0 6. 0-0 b6 7. Ne5 c5 8. b3 Bb7 9. Bb2 Nc6 10. f4 cxd4 11. Nxc6 Bxc6 12. exd4 g6 13. Qe2 Rc8 14. a3 Qc7 15. Rae1 Ne4 16. Nf3 Bb7 17. g3 f5 18. Ne5 Bd6 19. Kg2 Qe7 20. Ra1 Rc7 21. Nf3 Rfc8 22. Rfc1 a6 23. Kg1 b5 24. b4 Qf6 25. Rf1 h6 26. Rae1 g5 27. Ne5 Bxe5 28. dxe5 Qg6 29. Bd4 Rg7 30. Kh1 g4 31. Kg1 Nc3 32. Qd2 Rgc7 33. Re3 h5 34. Rfe1 h4 35. Bxf5 Qxf5 36. Rxc3 Rxc3 37. Bxc3 hxg3 38. hxg3 d4 39. Qxd4 Qxc2 40. Bd2 Qc6 41. Re2 Qh1+ 42. Kf2 Bf3 43. Re1 Qg2+ 44. Ke3 Qxg3 45. Qd3 Bd1+ 0-1

[Event "Moehnesee Cup-A 37th"]
[White "Schober, Ralf"]
[Black "Weber, Andre"]
[Site "Moehnesee"]
[Round "6"]
[Result "1/2-1/2"]
[Date "2011.09.04"]
[WhiteElo "2086"]
[BlackElo "1976"]
[PlyCount "35"]
[EventDate "2011.09.01"]
[EventType "swiss"]
[EventRounds "7"]
[EventCountry "GER"]
[SourceTitle "EXT 2013"]
[Source "ChessBase"]
[SourceDate "2012.11.22"]
[SourceVersion "1"]
[SourceVersionDate "2012.11.22"]
[SourceQuality "1"]

1. e4 c5 2. Nc3 Nc6 3. Bb5 Nd4 4. Bc4 g6 5. d3 Bg7 6. Be3 e6 7. Nf3 Ne7 8. Bg5 Qa5 9. Bd2 Qc7 10. Nxd4 cxd4 11. Ne2 a6 12. a4 d6 13. 0-0 0-0 14. Ng3 Bd7 15. a5 Rfd8 16. Bb3 d5 17. f4 dxe4 18. dxe4 1/2-1/2

[Event "Moehnesee Cup-A 37th"]
[White "Zirwes, Hans Juergen"]
[Black "Schober, Ralf"]
[Site "Moehnesee"]
[Round "5"]
[Result "1-0"]
[Date "2011.09.03"]
[WhiteElo "1911"]
[BlackElo "2086"]
[PlyCount "119"]
[EventDate "2011.09.01"]
[EventType "swiss"]
[EventRounds "7"]
[EventCountry "GER"]
[SourceTitle "EXT 2013"]
[Source "ChessBase"]
[SourceDate "2012.11.22"]
[SourceVersion "1"]
[SourceVersionDate "2012.11.22"]
[SourceQuality "1"]

1. d4 d6 2. Nf3 Nf6 3. Bg5 Nbd7 4. Nbd2 e5 5. d5 Be7 6. Bxf6 Nxf6 7. e4 0-0 8. Bd3 Bg4 9. h3 Bh5 10. c4 Bg6 11. Qb3 Nd7 12. 0-0 Nc5 13. Qc3 a5 14. Bc2 Bg5 15. Rae1 b6 16. a3 a4 17. Nxg5 Qxg5 18. Qe3 Qxe3 19. Rxe3 f6 20. f3 Rfb8 21. Rb1 Be8 22. Bd3 Bd7 23. Kf2 g6 24. g4 Rf8 25. Be2 Rf7 26. Rg1 Rg7 27. Ra1 f5 28. b4 axb3 29. Nxb3 Nxb3 30. Rxb3 fxe4 31. fxe4 Rf7+ 32. Rf3 Ba4 33. Ke3 Rxf3+ 34. Bxf3 Kf7 35. Kd2 Ke7 36. g5 Rf8 37. Rf1 Ra8 38. Ra1 Bd7 39. h4 Rf8 40. Ke3 Ra8 41. Bd1 Rf8 42. Bf3 Ba4 43. Rh1 Bb3 44. Be2 Ra8 45. Rc1 Kf7 46. Rc3 Ba4 47. Kd2 Kg7 48. Bg4 Be8 49. Be2 Bd7 50. Rg3 Rf8 51. Rf3 Ra8 52. Rg3 Ra4 53. Rc3 h6 54. Bd1 Ra8 55. Be2 hxg5 56. hxg5 Rh8 57. Rg3 Rh1 58. Bd1 Rh2+ 59. Kc1 Ra2 60. Bc2 1-0

[Event "Moehnesee Cup-A 37th"]
[White "Titgemeyer, Thomas"]
[Black "Schober, Ralf"]
[Site "Moehnesee"]
[Round "1"]
[Result "1/2-1/2"]
[Date "2011.09.01"]
[WhiteElo "1919"]
[BlackElo "2086"]
[PlyCount "80"]
[EventDate "2011.09.01"]
[EventType "swiss"]
[EventRounds "7"]
[EventCountry "GER"]
[SourceTitle "EXT 2013"]
[Source "ChessBase"]
[SourceDate "2012.11.22"]
[SourceVersion "1"]
[SourceVersionDate "2012.11.22"]
[SourceQuality "1"]

1. e4 d6 2. d4 Nf6 3. Nc3 e5 4. dxe5 dxe5 5. Qxd8+ Kxd8 6. Bg5 Be6 7. 0-0-0+ Nbd7 8. f3 a6 9. Nge2 Kc8 10. Ng3 c6 11. a3 b5 12. Be3 a5 13. Be2 g6 14. Rhe1 Be7 15. Bf1 h5 16. Nge2 Kc7 17. Ng1 a4 18. g3 h4 19. g4 Nh7 20. h3 Bg5 21. Bxg5 Nxg5 22. Rd2 Nb6 23. Red1 Rhd8 24. Rxd8 Rxd8 25. Rxd8 Kxd8 26. Nd1 Nc4 27. Bxc4 Bxc4 28. Ne3 Be6 29. Kd2 Nh7 30. Ng2 g5 31. Ne3 Nf8 32. Kc3 Kc7 33. Ne2 Ng6 34. b3 axb3 35. cxb3 Kb6 36. Nf5 Bxf5 37. exf5 Ne7 38. Kd3 Nd5 39. Ke4 f6 40. Kd3 Ka5 1/2-1/2

[Event "Moehnesee Cup 36th"]
[White "Schober, Ralf"]
[Black "Zirwes, Hans Juergen"]
[Site "Moehnesee"]
[Round "4"]
[Result "1-0"]
[Date "2010.08.28"]
[WhiteElo "2111"]
[BlackElo "1933"]
[PlyCount "153"]
[EventDate "2010.08.26"]
[EventType "swiss"]
[EventRounds "7"]
[EventCountry "GER"]
[SourceTitle "EXT 2011"]
[Source "ChessBase"]
[SourceDate "2010.11.26"]
[SourceVersion "1"]
[SourceVersionDate "2010.11.26"]
[SourceQuality "1"]

1. e4 c5 2. Nc3 Nc6 3. f4 d6 4. Nf3 g6 5. Bb5 Bd7 6. d3 Bg7 7. 0-0 a6 8. Bc4 e6 9. Qe1 Nge7 10. f5 b5 11. fxe6 fxe6 12. Bb3 Qb6 13. Kh1 h6 14. Bf4 Na5 15. Bd2 0-0-0 16. Nd5 exd5 17. Bxa5 Qc6 18. Bxd8 Rxd8 19. exd5 Nxd5 20. Qe4 Nc7 21. Qxc6 Bxc6 22. c3 b4 23. Rac1 bxc3 24. bxc3 g5 25. Ng1 Be5 26. d4 Bf4 27. Rcd1 cxd4 28. Rxd4 Be5 29. Rdd1 h5 30. Nf3 Bf4 31. Nd4 Bb7 32. Rfe1 h4 33. Kg1 Be5 34. Re2 Rf8 35. Rf2 Bxh2+ 36. Kf1 Re8 37. Nf5 Rd8 38. Ne7+ Kb8 39. Ba4 Nb5 40. Bxb5 axb5 41. Nd5 Rd7 42. Ke2 Be5 43. Rf8+ Ka7 44. Rg8 Bg3 45. Rxg5 Rf7 46. Rf1 Bxd5 47. Rxf7+ Bxf7 48. Rg7 Kb6 49. Rxf7 Kc6 50. Kd3 Be5 51. Rh7 Bg3 52. Kc2 d5 53. Kd3 Kc5 54. Rh8 Bf2 55. Rc8+ Kd6 56. Rb8 Kc5 57. Rc8+ Kd6 58. Ke2 Bg3 59. Kf3 Be1 60. Kg4 Bf2 61. Kf5 Be1 62. Rd8+ Kc5 63. Ke6 Bxc3 64. Rxd5+ Kc4 65. Kd6 b4 66. Rd1 Bd4 67. Rc1+ Bc3 68. Ke6 Kd3 69. Kf5 Kd2 70. Rb1 Ke2 71. Kg5 Kf2 72. Kxh4 Kxg2 73. Kg4 Kf2 74. Kf4 Ke2 75. Ke4 Kd2 76. Rb3 Kc2 77. Kd5 1-0

[Event "Leipzig VfB op 16th"]
[White "Seifert, Volker"]
[Black "Schober, Ralf"]
[Site "Leipzig"]
[Round "8"]
[Result "1-0"]
[Date "2009.04.04"]
[WhiteElo "2360"]
[BlackElo "2121"]
[PlyCount "37"]
[EventDate "2009.03.31"]
[EventType "swiss"]
[EventRounds "9"]
[EventCountry "GER"]
[SourceTitle "EXT 2010"]
[Source "ChessBase"]
[SourceDate "2010.11.25"]
[SourceVersion "1"]
[SourceVersionDate "2010.11.25"]
[SourceQuality "1"]

1. d4 Nf6 2. c4 e6 3. Nc3 Bb4 4. Qc2 0-0 5. e4 d5 6. e5 Ne4 7. Bd3 f5 8. a3 Be7 9. Nge2 c5 10. cxd5 cxd4 11. Nxe4 fxe4 12. Bxe4 exd5 13. Bxh7+ Kh8 14. Nf4 Rxf4 15. Bxf4 Nc6 16. 0-0 Qf8 17. Bg3 Bc5 18. Bg6 d3 19. Qd1 1-0